| 000 | 00667nam a2200193 i 4500 | ||
|---|---|---|---|
| 001 | 66220 | ||
| 003 | ES-MaACL | ||
| 005 | 20250814221004.0 | ||
| 007 | t| | ||
| 008 | 040129s1972 sp ||||1| spa d | ||
| 100 | 1 |
_aGalán Galindo, Angel. _953302 |
|
| 245 | 1 | 0 |
_aIntroducción a las cajas de ahorros / _cpor Angel Galán Galindo y José Manuel González Páramo. |
| 260 |
_aMadrid : _bConfederación Española de Cajas de Ahorros, _c[1972] |
||
| 300 |
_a166 p., graf. ; _c22 cm. |
||
| 650 | 4 |
_aCajas de ahorros- _zEspaña. _910665 |
|
| 700 | 1 |
_aGonzález Páramo, José Manuel, _d1927- _9152414 |
|
| 852 |
_aES-MaACL _jC-43774 _bR.82714 |
||
| 999 |
_c66220 _d66220 |
||